| 000 | 00480nam a2200145 a 4500 | ||
|---|---|---|---|
| 001 | 000037078 | ||
| 005 | 20200930080127.0 | ||
| 008 | 120210s2004 dr ab 000 0 spa d | ||
| 040 |
_aDO-SdBNP _bspa _cBNPHU |
||
| 082 |
_axxx _bG943 |
||
| 100 | 1 |
_aVega, Miguel _963493 |
|
| 245 | 1 | 0 |
_aGuía turística de la República Dominicana / _cMiguel Vega. |
| 260 |
_aSanto Domingo : _bAsociación Dominicana de Operadores Turísticos (OPETUR), _c2004. |
||
| 300 |
_a154 p. : _bil., map. ; _c23 cm. |
||
| 999 |
_c36568 _d36568 |
||